Guess 50 dutch footballers by image - Statistics

General Stats
  • This quiz has been taken 324 times
  • The average score is 34 of 50
Answer Stats
Picture Answer % Correct
Arjen Robben
96%
Clarence Seedorf
93%
Ruud Gullit
92%
Frenkie de Jong
91%
Robin van Persie
91%
Virgil van Dijk
91%
Edwin van der Sar
90%
Johan Cruyff
90%
Memphis Depay
90%
Nathan Ake
90%
Edgar Davids
89%
Ronald Koeman
89%
Matthijs de Ligt
88%
Wesley Sneijder
88%
Daley Blind
87%
Dennis Bergkamp
87%
Cody Gakpo
86%
Frank Rijkaard
86%
Marco van Basten
85%
Ruud van Nistelrooy
83%
Dirk Kuyt
82%
Patrick Kluivert
82%
Stefan de Vrij
82%
Denzel Dumfries
80%
Georginio Wijnaldum
80%
Jaap Stam
80%
Klaas-Jan Huntelaar
75%
Luuk de Jong
73%
Marc Overmars
65%
Nigel de Jong
65%
Rafael van der Vaart
65%
Frank de Boer
64%
Mark van Bommel
63%
Kevin Strootman
59%
Ryan Babel
59%
Marten de Roon
58%
Maarten Stekelenburg
55%
Giovanni van Bronckhorst
54%
Roy Makaay
50%
Phillip Cocu
49%
John Heitinga
48%
Danny Blind
46%
Teun Koopmeiners
44%
Johan Neeskens
40%
Ron Vlaar
34%
Hans van Breukelen
24%
Ruud Krol
18%
Rob Rensenbrink
14%
Willy van de Kerkhof/René van de Kerkhof
13%
Arie Haan
11%
No matching quizzes found
Score Distribution
Percent of People with Each Score
Percentile by Number Answered
Your Score History
You have not taken this quiz